Bundesliga - Barrages de relégation - Statistiques

Statistiques générales
  • Ce quiz a été pris 22 fois
  • Le résultat moyen est 20 sur 34
Statistiques - réponses
Saison Classement Club % Correct
2013/2014 16e de Bundesliga Hambourg SV
95%
2014/2015 16e de Bundesliga Hambourg SV
95%
3e de 2. Bundesliga Hambourg SV
95%
3e de 2. Bundesliga Hambourg SV
95%
3e de 2. Bundesliga 1. FC Union Berlin
74%
2020/2021 16e de Bundesliga FC Cologne
74%
3e de 2. Bundesliga FC Nuremberg
74%
2009/2010 16e de Bundesliga FC Nuremberg
74%
3e de 2. Bundesliga FC Nuremberg
74%
3e de 2. Bundesliga VfL Bochum
68%
2023/2024 16e de Bundesliga VfL Bochum
68%
2015/2016 16e de Bundesliga Eintracht Francfort
63%
2011/2012 16e de Bundesliga Hertha BSC
63%
2021/2022 16e de Bundesliga Hertha BSC
63%
2012/2013 16e de Bundesliga TSG Hoffenheim
63%
2018/2019 16e de Bundesliga VfB Stuttgart
63%
2022/2023 16e de Bundesliga VfB Stuttgart
63%
2016/2017 16e de Bundesliga VfL Wolfsburg
63%
2017/2018 16e de Bundesliga VfL Wolfsburg
63%
3e de 2. Bundesliga FC Kaiserslautern
58%
3e de 2. Bundesliga Fortuna Düsseldorf
58%
3e de 2. Bundesliga Fortuna Düsseldorf
58%
2010/2011 16e de Bundesliga Borussia Mönchengladbach
53%
2008/2009 16e de Bundesliga Energie Cottbus
47%
3e de 2. Bundesliga Holstein Kiel
47%
3e de 2. Bundesliga Holstein Kiel
47%
2019/2020 16e de Bundesliga Werder Brême
47%
3e de 2. Bundesliga FC Augsbourg
42%
3e de 2. Bundesliga Greuther Fürth
42%
3e de 2. Bundesliga FC Heidenheim
37%
2024/2025 16e de Bundesliga FC Heidenheim
37%
3e de 2. Bundesliga SV Elversberg
26%
3e de 2. Bundesliga Eintracht Brunswick
16%
3e de 2. Bundesliga Karlsruher SC
11%
Aucun quiz correspondant
Distribution des résultats
% des personnes avec chaque résultat
Percentile par nombre de réponses
Votre historique - résultats
Vous n’avez pas pris ce quiz